|
|
|
|
| LEADER |
04196nam a22004213i 4500 |
| 001 |
EBC6531830 |
| 003 |
MiAaPQ |
| 005 |
20231204023216.0 |
| 006 |
m o d | |
| 007 |
cr cnu|||||||| |
| 008 |
231204s2021 xx o ||||0 eng d |
| 020 |
|
|
|a 9783030666583
|q (electronic bk.)
|
| 020 |
|
|
|z 9783030666576
|
| 035 |
|
|
|a (MiAaPQ)EBC6531830
|
| 035 |
|
|
|a (Au-PeEL)EBL6531830
|
| 035 |
|
|
|a (OCoLC)1249470832
|
| 040 |
|
|
|a MiAaPQ
|b eng
|e rda
|e pn
|c MiAaPQ
|d MiAaPQ
|
| 050 |
|
4 |
|a D900-2027
|
| 082 |
0 |
|
|a 320.949209034
|
| 100 |
1 |
|
|a van der Burg, Martijn.
|
| 245 |
1 |
0 |
|a Napoleonic Governance in the Netherlands and Northwest Germany :
|b Conquest, Incorporation, and Integration.
|
| 250 |
|
|
|a 1st ed.
|
| 264 |
|
1 |
|a Cham :
|b Springer International Publishing AG,
|c 2021.
|
| 264 |
|
4 |
|c ©2021.
|
| 300 |
|
|
|a 1 online resource (172 pages)
|
| 336 |
|
|
|a text
|b txt
|2 rdacontent
|
| 337 |
|
|
|a computer
|b c
|2 rdamedia
|
| 338 |
|
|
|a online resource
|b cr
|2 rdacarrier
|
| 490 |
1 |
|
|a War, Culture and Society, 1750-1850 Series
|
| 505 |
0 |
|
|a Intro -- Acknowledgments -- Praise for Napoleonic Governance in the Netherlands and Northwest Germany -- Contents -- List of Maps -- Chapter 1: Introduction: Napoleonic Governance and the Integration of Europe -- Empire-building and Its Limits -- Napoleonic Governance in the Regions -- Historiography on Napoleon and Europe -- German Historiography -- Dutch Historiography -- Transregional Perspectives -- Questions of Definition -- Chapter 2: Revolution and Warfare: The North Before Conquest -- Warfare and the Shaping of Nation-states -- Absolutism and Republicanism -- Exporting the Revolution -- Revolutionary Republicans in the North -- The First Consul and Europe -- The Reorganization of Germany North of the Rhine -- Blueprints for Napoleonic Governance in Europe -- Chapter 3: Conquest and Incorporation: Pays Conquis or Pays Réunies? -- Between Coercion and Cooperation -- Emperors and Kings -- Last Strongholds of Republicanism -- The Incorporation of the Netherlands and Northwest Germany -- Napoleon's Droit de Conquête -- Pays Réunies, Under Conditions -- Chapter 4: Intermediary Bodies of Governance -- From Conquest to Incorporation -- Instruments of Empire-building: The Gouvernements généraux -- General-Governors: Lebrun and Davout -- The Intendants -- Conflicting Mandates -- Development of the Intermediary Bodies -- Between Center and Periphery -- Chapter 5: Prefects: 'Tools of Conquest' -- The Prefectoral System -- Recruiting Prefects -- Before Incorporation -- The Dutch South of the Rhine -- Prefects in the Départements de la Hollande -- In Between the Netherlands and Germany -- Prefects in the Hanseatic Departments -- Circulation of Préfets -- Napoleonic Prefects Compared -- Chapter 6: Subprefects: (Trans)Regional Tools of Integration? -- Balancing Interests -- Recruiting Subprefects for the North -- Rallying the Local Elites -- Dutch Locals.
|
| 505 |
8 |
|
|a German Locals -- Appointing Foreign Subprefects -- Foreign Subprefects in the Dutch Departments -- Foreign Subprefects in the Northwest German Departments -- Circulation of Subprefects Across the Empire -- Potential Tools of Integration -- Chapter 7: Conclusions: Incomplete Integration -- The View from the Regions -- The Collapse of Napoleonic Rule in the North -- Napoleonic Foundations for the New States? -- The Low Countries -- Former Napoleonic Germany -- Degrees of Completeness -- Index.
|
| 588 |
|
|
|a Description based on publisher supplied metadata and other sources.
|
| 590 |
|
|
|a Electronic reproduction. Ann Arbor, Michigan : ProQuest Ebook Central, 2023. Available via World Wide Web. Access may be limited to ProQuest Ebook Central affiliated libraries.
|
| 655 |
|
4 |
|a Electronic books.
|
| 776 |
0 |
8 |
|i Print version:
|a van der Burg, Martijn
|t Napoleonic Governance in the Netherlands and Northwest Germany
|d Cham : Springer International Publishing AG,c2021
|z 9783030666576
|
| 797 |
2 |
|
|a ProQuest (Firm)
|
| 830 |
|
0 |
|a War, Culture and Society, 1750-1850 Series
|
| 856 |
4 |
0 |
|u https://ebookcentral.proquest.com/lib/matrademy/detail.action?docID=6531830
|z Click to View
|